Euro 2024: clubs formateurs des joueurs de l'équipe de France. - Statistiques

Statistiques générales
  • Ce quiz a été pris 147 fois
    32 depuis la dernière actualisation
  • Le résultat moyen est 10 sur 25
Statistiques - réponses
HINT ANSWER % Correct
Alphonse Areola Paris Saint-Germain|PSG
100%
Mike Maignan Paris Saint-Germain|PSG
93%
Bradley Barcola Olympique lyonnais|OL|Lyon
67%
Adrien Rabiot Paris Saint-Germain|PSG
67%
Warren Zaïre-Emery Paris Saint-Germain|PSG
67%
Kingsley Coman Paris Saint-Germain|PSG
67%
Eduardo Camavinga Stade rennais FC|Rennes|Stade Rennais
67%
Ousmane Dembélé Stade rennais FC|Rennes|Stade Rennais
67%
Antoine Griezmann Real Sociedad
57%
Kylian Mbappé AS Monaco
53%
Aurélien Tchouaméni Girondins de Bordeaux
47%
Jules Koundé Girondins de Bordeaux
43%
Brice Samba Le Havre AC|Le Havre
43%
Randal Kolo Muani FC Nantes
37%
William Saliba AS Saint-Étienne
33%
Theo Hernandez Atlético de Madrid
17%
Youssouf Fofana RC Strasbourg
17%
Olivier Giroud Grenoble Foot 38
13%
Benjamin Pavard LOSC Lille
10%
Ibrahima Konaté FC Sochaux-Montbéliard
7%
Marcus Thuram FC Sochaux-Montbéliard
7%
N'Golo Kanté US Boulogne
7%
Dayot Upamecano Valenciennes FC
3%
Ferland Mendy FC Mantois 78
0%
Jonathan Clauss RC Strasbourg
0%
Aucun quiz correspondant
Distribution des résultats
% des personnes avec chaque résultat
Percentile par nombre de réponses
Votre historique - résultats
Vous n’avez pas pris ce quiz depuis la dernière actualisation